01379nam a2200241Ia 4500001000900000003001000009008004100019040002500060041001300085100002100098245003100119250001100150260006700161300001200228500026200240501011400502520026200616650004700878942000700925957000600932999004100938952015800979L120-810IT-CnALBA170116s9999||||xx |||||||||||||| ||und|| aIT-CnALBAcIT-CnALBA aITALIANO aZAMBONI GIUSEPPE 0aMETAFISICA E GNOSEOLOGIA.  a1a ed. aVERONAbVERONESE LA TIPOGRAFICA EDITRICEc1935 [1° Ed.: n.d.] a136 p.  aRISPOSTA A FRANCESCO OLGIATI. ORIENTAMENTO STUDIO DELLA FILOSOFIA. FENOMENO E REALTÀ FENOMENICA. REALISMO. CONCETTO DI CONOSCENZA NELLA FILOSOFIA MODERNA. METAFISICA COSCIENZA. CONCETTO DI ENTE. METAFISICA E SISTEMA. PROCESSO DELLA CONOSCENZA. PERCEZIONE  aSocietà San Paolo EM - Piazza San Paolo, 14 - 12051 ALBA (CN) (non commercial uses only) ® Copyright 2017 aRISPOSTA A FRANCESCO OLGIATI. ORIENTAMENTO STUDIO DELLA FILOSOFIA. FENOMENO E REALTÀ FENOMENICA. REALISMO. CONCETTO DI CONOSCENZA NELLA FILOSOFIA MODERNA. METAFISICA COSCIENZA. CONCETTO DI ENTE. METAFISICA E SISTEMA. PROCESSO DELLA CONOSCENZA. PERCEZIONE  aGNOSEOLOGIA - CAUSALITÀ - FINE DELL'UOMO cBK 71 a908bSI g Copie: 1 c260045d260045 0010406L_12081071aALBAbALBAd2017-01-16l0oL120-810r2017-01-16 00:00:00w2017-01-16yBKz(data import: 16 gennaio 2017) - By Epidotti, Vaglietti.